|
|
|
|
| LEADER |
01921nam a2200469 a 4500 |
| 001 |
nkc20142635592 |
| 003 |
CZ PrNK |
| 005 |
20150414102715.0 |
| 007 |
ta |
| 008 |
150317s2011 xr a e p 000 0 cze |
| 015 |
|
|
|a cnb002635592
|
| 020 |
|
|
|a 978-80-87035-50-4
|q (kroužková vazba)
|
| 035 |
|
|
|a (OCoLC)907519960
|
| 040 |
|
|
|a ABA001
|b cze
|
| 043 |
|
|
|a e-xr---
|
| 072 |
|
7 |
|a 36
|x Zajištění duševních a materiálních potřeb
|2 Konspekt
|9 18
|
| 072 |
|
7 |
|a 37.016
|x Učební osnovy. Vyučovací předměty. Učebnice
|2 Konspekt
|9 22
|
| 080 |
|
|
|a 36
|2 MRF
|
| 080 |
|
|
|a 364
|2 MRF
|
| 080 |
|
|
|a (437.3)
|2 MRF
|
| 080 |
|
|
|a (075.8)
|2 MRF
|
| 100 |
1 |
|
|a Nečadová, Věra
|7 ola2015862121
|4 aut
|
| 245 |
1 |
0 |
|a Sociální politika :
|b vysokoškolská skripta /
|c Věra Nečadová
|
| 250 |
|
|
|a 1. vyd.
|
| 260 |
|
|
|a Jihlava :
|b Vysoká škola polytechnická Jihlava,
|c 2011
|
| 300 |
|
|
|a 187 s. :
|b il. ;
|c 30 cm
|
| 500 |
|
|
|a Nad názvem: Vysoká škola polytechnická Jihlava, bakalářský studijní program B6202 Hospodářská politika a správa, studijní obor Regionální rozvoj a veřejná správa
|
| 500 |
|
|
|a V tiráži označení: 2. část
|
| 500 |
|
|
|a 200 výt.
|
| 504 |
|
|
|a Obsahuje bibliografii a přehled souvisejících právních předpisů
|
| 650 |
0 |
7 |
|a sociální politika
|7 ph116210
|z Česko
|2 czenas
|
| 650 |
0 |
7 |
|a sociální zabezpečení
|7 ph116215
|z Česko
|2 czenas
|
| 650 |
0 |
9 |
|a social policy
|z Czechia
|2 eczenas
|
| 650 |
0 |
9 |
|a social security
|z Czechia
|2 eczenas
|
| 655 |
|
7 |
|a učebnice vysokých škol
|7 fd133772
|2 czenas
|
| 655 |
|
9 |
|a textbooks (higher)
|2 eczenas
|
| 710 |
2 |
|
|a Vysoká škola polytechnická Jihlava.
|b Katedra veřejné správy a regionálního rozvoje
|7 olak2015862110
|
| 910 |
2 |
|
|a BOA001
|b 4-1344.356
|
| 990 |
|
|
|a BK
|
| 995 |
|
|
|a 01
|
| 991 |
|
|
|b 201504
|c NOV
|e n
|
| 996 |
6 |
|
|b 2610628650
|c 4-1344.356
|l MZK
|r Sklad / do 1 hodiny
|n 7
|p p.v.
|w 001499199
|u 000010
|a 1
|e BOA001
|j MZK50
|s P
|